000 01031cam a2200349Ii 4500
001 42591
005 20230411085956.0
008 791019s1973 sp a 000 0 spa d
035 _a(OCoLC)ocm05540311
040 _aPRW
_cPRW
_dOCL
_dEL$
_dOCL
_dOCLCQ
_dDIBAM
020 _a8429709428
020 _a9788429709421
035 _a(OCoLC)5540311
041 1 _aspa
_heng
090 0 0 _aHX 44.5
_bG653e 1973
082 0 0 _a814.52
049 _aGRAL
100 1 _aGoodman, Paul,
_d1911-1972.
245 1 0 _aEnsayos utópicos y propuestas prácticas /
_cPaul Goodman.
250 _a1. ed.
260 _aBarcelona :
_bEdiciones Península,
_c1973.
300 _a313 p. :
_bill. ;
_c20 cm.
490 1 _aHistoria, ciencia, sociedad ;
_v103
500 _aTranslation of Utopian essays and practical proposals.
650 0 _aUtopias.
650 4 _aSociología.
650 7 _aENSAYOS ESTADOUNIDENSES.
_2renib
830 0 _aHistoria, ciencia y sociedad ;
_v103.
942 _2lcc
_cbk
946 _ajoacosta
994 _aC0
_bDRFGD
999 _c110332
_d110332